Score 0/59 Timer 08:00
0 Plays Today
Order Champion % Correct
#31The Sold
100%
#30Ciro De Curtis
100%
#29The Sold
100%
#1Van Der Van
100%
#3Aenima & Jack Callaway
100%
#6Van Der Van
100%
#7Jack Callaway
100%
#8Re Umada
100%
#10KJO
100%
#11Marcus Red
100%
#12Sepe
100%
#13Shin Nihu
100%
#15Mr Tank
100%
#16Shin Nihu
100%
#19Sepe
100%
#20The Sold
100%
#21Sepe
100%
#23The Crazy Man
100%
#24Chris Crabb
100%
#25Re Umada
100%
#26Ciro De Curtis
100%
#27Shin Nihu
100%
#28Ciro De Curtis
100%
#33The Crazy Man
100%
#34Gideon Brand
100%
#35Ash Wallace
100%
#36Mr Tank
100%
#37Ash Wallace
100%
#38Andrew Bogomil
100%
#39Iago
100%
Order Champion % Correct
#40Aviator Marine Erwin
100%
#41Sepe
100%
#42Aviator Marine Erwin
100%
#43Ryann Murphy
100%
#44Andrew Bogomil
100%
#45Hollan Tillman
100%
#46Krypto
100%
#47Ul Bepi
100%
#14Mr Tank
100%
#49Gideon Brand
100%
#50Ryann Murphy
100%
#51Kael Soul
100%
#52Mr Benedict Castle
100%
#53Ciro De Curtis
100%
#56Ash Wallace
100%
#57Mr Tank
100%
#58Shane Hero
100%
#17The Killmaster
96.6%
#32Am Azing
96.6%
#3Aenima & Joaquin
93.1%
#2The Killer
79.3%
#4The Killer
79.3%
#5King The Monster
79.3%
#18Al├Ęksiel Gorodjieski
79.3%
#22Merv Bell
79.3%
#9Pyro
72.4%
#48Hiro Suzuki
66.7%
#54Adam Black
66.7%
#55Rodrigo Almendra
66.7%
Remove Ads.
Support Sporcle.
Get the best of Sporcle when you Go Orange. This ad-free experience offers more features, more stats, and more fun while also helping to support Sporcle. Thank you for becoming a member.

You're not logged in!

Compare scores with friends on all Sporcle quizzes.
OR
Log In

Show Comments

Extras

Created Oct 11, 2013ReportNominate
Tags:champion, Divine, Order

Top Quizzes Today


Score Distribution

Your Account Isn't Verified!

In order to create a playlist on Sporcle, you need to verify the email address you used during registration. Go to your Sporcle Settings to finish the process.

Report this User

Report this user for behavior that violates our Community Guidelines.

Details: